000 01015cam a22002771 4500
001 7860064
003 OSt
005 20120105123401.0
008 830408s1943 enk 000 0 eng
010 _a 43017951
035 _a(OCoLC)9390245
040 _aDDC
_cTxHU-L
_dDLC
050 0 0 _aKD474
_b.P34 1943
082 _a347.052/PEG
100 1 _aPage, Leo,
_d1890-1951.
_95607
245 1 0 _aFirst steps in advocacy,
_cby Leo Page ... with a foreword by the Sir Geoffrey Lawrence QC.
260 _aLondon,
_bFaber and Faber
_c[1943]
300 _a132 p.
_c20 cm.
650 0 _aLawyers
_zGreat Britain.
_95608
650 0 _aTrial practice
_zGreat Britain.
_95609
906 _a7
_bcbc
_coclcrpl
_du
_encip
_f19
_gy-gencatlg
942 _2ddc
_cBK
999 _c4750
_d4750